Vista normal
Vista MARC
Entrada Personal Name
Número de registros utilizados en: 1
001 - CONTROL NUMBER
- control field: 60647
003 - CONTROL NUMBER IDENTIFIER
- control field: OSt
005 - DATE AND TIME OF LATEST TRANSACTION
- control field: 20250702143832.0
008 - FIXED-LENGTH DATA ELEMENTS
- fixed length control field: 250702|| aca||aabn | a|a d
040 ## - CATALOGING SOURCE
- Original cataloging agency: OSt
- Transcribing agency: OSt
100 ## - HEADING--PERSONAL NAME
- Personal name: Ruiz, Clarisa
- Dates associated with a name: 1959-
670 ## - SOURCE DATA FOUND
- Source citation: Work cat.: (OSt)57428: Ruiz, Clarisa 1959-, Una noche en el tejado